[Event "ESP-ch U12 rapid"]
[Site "Salobrena"]
[Date "2023.07.15"]
[Round "1"]
[White "Puerto Fernandez, Eloi"]
[Black "Reque Garcia, Marcos"]
[Result "1-0"]
[WhiteElo "1566"]
[BlackElo "1210"]
[PlyCount "67"]
[EventDate "2023.07.15"]
[EventType "swiss (rapid)"]
[EventRounds "9"]
[EventCountry "ESP"]
[SourceTitle "EXT 2024"]
[Source "ChessBase"]
[SourceDate "2023.10.10"]
[SourceVersion "1"]
[SourceVersionDate "2023.10.10"]
[SourceQuality "1"]

1. d4 Nf6 2. Nf3 d6 3. g3 Nbd7 4. Bg2 e5 5. e3 g6 6. 0-0 Bg7 7. c4 0-0 8. Nc3 c6 9. a4 Qc7 10. b3 h6 11. Ba3 b6 12. dxe5 Ne8 13. exd6 Qd8 14. Rc1 Bb7 15. Nd4 Rc8 16. Re1 Nc5 17. Ne4 Nxe4 18. Bxe4 Nxd6 19. Bg2 c5 20. Bxb7 Nxb7 21. Ne2 Qf6 22. Nf4 Rfd8 23. Qc2 g5 24. Nd5 Qe6 25. Rcd1 Rd7 26. Rd2 Rcd8 27. Red1 h5 28. Bb2 f6 29. Bxf6 Rxd5 30. Bxd8 Rxd2 31. Qxd2 Nxd8 32. Qxd8+ Kh7 33. Qd7 Qf5 34. Qxf5+ 1-0